000 00892cam a22003017a 4500
003 CHAP
005 20220329135034.0
008 971013s1892 r 00010 d
010 _a29939
011 _a30911
035 _a35023
040 _cCHAP
082 _a573
_bN3
100 0 0 _aNacente y Soler, Francisco.
_979997
245 0 _aAntropología
260 _aBarcelona :
_bEl autor,
_c1892
300 _a400 p.
_b; láms.
490 4 _aLos tres recinos de la naturaleza
_v; 6
590 _aBATCH-UPD
_b10
_c20130110
_lUCH01
_h0059
590 _aBATCH-UPD
_b10
_c20130110
_lUCH01
_h1614
590 _aBATCH-UPD
_b10
_c20130410
_lUCH01
_h1009
590 _aCONVERSION
_b10
_c20130109
_lUCH01
_h1317
650 1 4 _aAntropologia.
_96133
830 4 _aLos tres recinos de la naturaleza
_v; 6
_968578
901 _aBK
942 _cLIBRO
949 _a573 N3
_bBC
_cBPP
_d-80973
_eBPP
_h7946
_i35023
_si
999 _c29939
_d29939